| 000 | 00476nam a2200193Ia 4500 | ||
|---|---|---|---|
| 008 | 151119s9999||||xx |||||||||||||| ||und|| | ||
| 082 | _a891.465 | ||
| 082 | _bGKKV18507 | ||
| 100 | _aकदम वि द | ||
| 245 | _aभाषणबाजी | ||
| 260 | _a-- | ||
| 260 | _b-- | ||
| 260 | _c2000 | ||
| 600 | _aकदम वि द | ||
| 630 | _aभाषणबाजी | ||
| 700 | _aकदम वि द | ||
| 730 | _aभाषणबाजी | ||
| 942 | _cBOOK | ||
| 999 |
_c1071563 _d1071560 |
||